Eastern Utah Libraries Catalog: Duchesne, Heber, Roosevelt, & Vernal

Shattering dawn / (Record no. 404226)

MARC details
000 -LEADER
fixed length control field 02080pam a2200457 i 4500
001 - CONTROL NUMBER
control field 2024010419
003 - CONTROL NUMBER IDENTIFIER
control field DLC
005 - DATE AND TIME OF LATEST TRANSACTION
control field 20250206114449.0
008 - FIXED-LENGTH DATA ELEMENTS--GENERAL INFORMATION
fixed length control field 240314s2025 nyu 000 1 eng
010 ## - LIBRARY OF CONGRESS CONTROL NUMBER
LC control number 2024010419
020 ## - INTERNATIONAL STANDARD BOOK NUMBER
International Standard Book Number 9780593639917
Qualifying information (hardcover)
020 ## - INTERNATIONAL STANDARD BOOK NUMBER
Cancelled/invalid ISBN 9780593639931
Qualifying information (ebook)
035 ## - SYSTEM CONTROL NUMBER
System control number (OCoLC)1427512016
040 ## - CATALOGING SOURCE
Original cataloging agency DLC
Language of cataloging eng
Description conventions rda
Transcribing agency DLC
Modifying agency TnLvILS
042 ## - AUTHENTICATION CODE
Authentication code pcc
043 ## - GEOGRAPHIC AREA CODE
Geographic area code n-us-ca
092 ## - LOCALLY ASSIGNED DEWEY CALL NUMBER (OCLC)
Classification number fiction
Item number Krentz, Jayne Ann
100 1# - MAIN ENTRY--PERSONAL NAME
Personal name Krentz, Jayne Ann,
Relator term author.
9 (RLIN) 23687
245 10 - TITLE STATEMENT
Title Shattering dawn /
Statement of responsibility, etc Jayne Ann Krentz.
264 #1 - Production, Publication, Distribution, Manufacture, and Copyright Notice.
Place of production, publication, distribution, manufacture New York :
Name of producer, publisher, distributor, manufacturer Berkley,
Date of production, publication, distribution, manufacture, or copyr [2025]
300 ## - PHYSICAL DESCRIPTION
Extent 336 pages ;
Dimensions 24 cm.
336 ## - Content Type
Content type term text
337 ## - Media type
Media type term unmediated
338 ## - Carrier type
Carrier type term volume
490 1# - SERIES STATEMENT
Series statement Lost night files trilogy.
520 ## - SUMMARY, ETC.
Summary, etc "Amelia Rivers, a member of the Lost Night Files podcast team, hires private investigator Gideon Wells to catch the stalker who has been watching her. Amelia suspects the stalker may be connected to the shadowy organization responsible for the night that she and her two friends lost to amnesia--a night that upended their lives and left them with paranormal talents. Gideon suspects that Amelia is either paranoid or an outright con artist, but he takes the case despite his skepticism"--
650 #0 - SUBJECT ADDED ENTRY--TOPICAL TERM
Topical term or geographic name as entry element Podcasters
Form subdivision Fiction.
9 (RLIN) 5722593
650 #0 - SUBJECT ADDED ENTRY--TOPICAL TERM
Topical term or geographic name as entry element Private investigators
Form subdivision Fiction.
9 (RLIN) 5674912
650 #0 - SUBJECT ADDED ENTRY--TOPICAL TERM
Topical term or geographic name as entry element Stalkers
Form subdivision Fiction.
9 (RLIN) 5690906
650 #0 - SUBJECT ADDED ENTRY--TOPICAL TERM
Topical term or geographic name as entry element Memory
Form subdivision Fiction.
9 (RLIN) 5675777
650 #0 - SUBJECT ADDED ENTRY--TOPICAL TERM
Topical term or geographic name as entry element Psychic ability
Form subdivision Fiction.
9 (RLIN) 5673859
650 #0 - SUBJECT ADDED ENTRY--TOPICAL TERM
Topical term or geographic name as entry element Amnesia
Form subdivision Fiction.
9 (RLIN) 5686567
650 #0 - SUBJECT ADDED ENTRY--TOPICAL TERM
Topical term or geographic name as entry element Female friendship
Form subdivision Fiction.
9 (RLIN) 5674580
651 #0 - SUBJECT ADDED ENTRY--GEOGRAPHIC NAME
Geographic name California
Form subdivision Fiction.
9 (RLIN) 5674690
655 #7 - INDEX TERM--GENRE/FORM
Genre/form data or focus term Detective and mystery fiction.
Source of term lcgft.
9 (RLIN) 5683641
655 #7 - INDEX TERM--GENRE/FORM
Genre/form data or focus term Thrillers (Fiction)
Source of term lcgft.
655 #7 - INDEX TERM--GENRE/FORM
Genre/form data or focus term Paranormal fiction.
Source of term lcgft.
9 (RLIN) 5674233
776 08 - ADDITIONAL PHYSICAL FORM ENTRY
Display text Online version:
Main entry heading Krentz, Jayne Ann.
Title Shattering dawn
Place, publisher, and date of publication New York : Berkley, 2025.
International Standard Book Number 9780593639931
Record control number (DLC) 2024010420.
800 1# - SERIES ADDED ENTRY--PERSONAL NAME
Personal name Krentz, Jayne Ann.
Title of a work Lost night files ;
Volume/sequential designation bk. 3.
9 (RLIN) 6537559
942 ## - ADDED ENTRY ELEMENTS (KOHA)
Source of classification or shelving scheme Dewey Decimal Classification
Koha item type BOOK
Holdings
Withdrawn status Lost status Source of classification or shelving scheme Damaged status Not for loan Collection code Home library Current library Shelving location Date acquired Source of acquisition Serial Enumeration / chronology Total Checkouts Total Renewals Full call number Barcode Date last seen Date checked out Cost, replacement price Price effective from Koha item type
    Dewey Decimal Classification     Fiction Wasatch County Library Wasatch County Library First Floor 02/06/2025 Micromarketing #3 Lost Night Files 7 2 F Krentz 34301002110122 01/08/2026 01/06/2026 29.00 02/06/2025 BOOK
This project was made possible through a grant from the Institute of Museum and Library Service administered by the Utah State Library Division.

Wasatch County Library

  • 465 East 1200 South, Heber City, Utah 84032
  • Phone 435-654-1511 | Fax 435-654-6456

Hours

  • Monday - Friday 9:30 AM - 8:00 PM
  • Saturday 9:30 AM - 1:30 PM
  • Closed Sundays and Holidays